000 01318nam a2200337 c 4500
003 BLK
005 20191202100123.0
008 180412b bul|||||r ||||||| ||bul||
010 _aKNG00009655000
020 _a954-498-026-1
_bиздат.: ALMA-SV
040 _aBLK
041 _aBUL
_cBUL
080 _aОснови на математиката в основното образование
_b372.47
_x(07)
_z372.47(07)
100 1 _aГеоргиева, Йорданка Иванова
_eпърви автор
_9253405
139 _aГеоргиева, Йорданка Иванова
_bГ 37
245 1 0 _a[Триста тридесет и три] 333 задачи по математика за III клас на СОУ
_cЙорданка Иванова Георгиева.
257 _aBGR
260 Варна
_bALMA-SV
_c1995
_fЯмбол : Светлина
300 _a128 с.
_bс табл., черт.
_c20 см
380 _a3
500 _a5 000 тир.
650 4 _aМатематика - задачи - учебни помагала
_9241584
653 _aзадачи
653 _aматематика
653 _aклас
852 _aЦб 184724
856 4 _qpdf
_u
856 4 _qpdf
_u
942 _cKNG
_n0
_02
944 _aCR
_c15.01.2003
_lф /
_kСимона_Петрова
944 _aED
_c07.08.2014
_lф /
_k
999 _c8313
_d8313